[One Piece] Mort subite - Moyen - Statistiques

Statistiques générales
  • Ce quiz a été pris 3 105 fois
  • Le résultat moyen est 6 sur 16
Answers on the Grid
Answers color-coded by a green-red scale on the quiz's grid according to % correct below.
Aoi Kaguragi
Domino
Gin
Glorio
Gordon Agrippa
Hamburg
Hatcha
Hildon
Himeno
Hitoshi Shinso
Hol Horse
Iruka Umino
Jo Togame
Jora
Ken Takakura
Kisuke Urahara
Lindbergh
Masira
Momonga
Nero
Oimo
Orsi Orfai
Saldeath
Stronger
Taiju Oki
Terracotta
Toru Hagakure
Vinsmoke Yonji
Wing
Yamakaji
 
Statistiques - réponses
Réponse % Correct
Vinsmoke Yonji
84%
Gin
56%
Momonga
55%
Stronger
41%
Jora
38%
Domino
37%
Lindbergh
37%
Hatcha
36%
Oimo
36%
Hamburg
33%
Nero
33%
Terracotta
31%
Saldeath
26%
Masira
25%
Hildon
24%
Yamakaji
21%
Aucun quiz correspondant
Distribution des résultats
% des personnes avec chaque résultat
Percentile par nombre de réponses
Votre historique - résultats
Vous n’avez pas pris ce quiz